Qaumi azadi ki tahreek ka haqeeqi maawan = قومی آزادی کی تحریک کا حقیقی معاون / (Record no. 121926)
[ view plain ]
| 000 -LEADER | |
|---|---|
| fixed length control field | 00420nam a22001337a 4500 |
| 005 - DATE AND TIME OF LATEST TRANSACTION | |
| control field | 20210413113147.0 |
| 008 - FIXED-LENGTH DATA ELEMENTS--GENERAL INFORMATION | |
| fixed length control field | 210413b ||||| |||| 00| 0 eng d |
| 040 ## - CATALOGING SOURCE | |
| Transcribing agency | PK-LaUMT |
| 082 ## - DEWEY DECIMAL CLASSIFICATION NUMBER | |
| Classification number | RHC 320.947 |
| Item number | QAU- |
| 245 ## - TITLE STATEMENT | |
| Title | Qaumi azadi ki tahreek ka haqeeqi maawan = قومی آزادی کی تحریک کا حقیقی معاون / |
| 260 ## - PUBLICATION, DISTRIBUTION, ETC. (IMPRINT) | |
| Place of publication, distribution, etc | Lahore : |
| Name of publisher, distributor, etc | Peoples Publishing House, |
| Date of publication, distribution, etc | NA |
| 300 ## - PHYSICAL DESCRIPTION | |
| Extent | 91 p. |
| 942 ## - ADDED ENTRY ELEMENTS (KOHA) | |
| Koha item type | Books |
| Withdrawn status | Lost status | Damaged status | Home library | Current library | Date acquired | Full call number | Barcode | Date last seen | Price effective from | Koha item type |
|---|---|---|---|---|---|---|---|---|---|---|
| UMT Main Campus | UMT Main Campus | 2021-04-13 | RHC 320.947 QAU- | 137222 | 2021-04-13 | 2021-04-13 | Books |
